[Event "26th Chicago Open"]
[Site "Wheeling, IL"]
[Date "2017.05.27"]
[Round "4.38"]
[White "Larrua, Fernando"]
[Black "Guo, Arthur"]
[Result "1-0"]
[WhiteElo "2367"]
[BlackElo "2122"]
[PlyCount "117"]
[EventDate "2017.05.??"]
[EventType "swiss"]
[EventRounds "9"]
[EventCountry "USA"]

1. e4 c5 2. Nf3 d6 3. d4 cxd4 4. Qxd4 Nc6 5. Bb5 Bd7 6. Bxc6 Bxc6 7. Bg5 Nf6 8.
Bxf6 gxf6 9. Nc3 e6 10. O-O-O Be7 11. Rhe1 Qb6 12. Qxb6 axb6 13. Nd4 Kd7 14.
Kb1 Rag8 15. g3 Kc7 16. Rd3 Kd7 17. Ndb5 Bxb5 18. Nxb5 Rc8 19. Red1 Rc6 20. c4
h5 21. h4 Rxc4 22. Rxd6+ Bxd6 23. Nxd6 Rcc8 24. Nxf7+ Kc7 25. Nxh8 Rxh8 26. Rd3
Rg8 27. Kc2 Kc6 28. Rf3 Rg6 29. Rc3+ Kd7 30. Rf3 Kc6 31. a4 Kd6 32. Rb3 Kc6 33.
Rb5 Rh6 34. Kd3 Rh8 35. Ke3 e5 36. Rd5 Rg8 37. b3 Kc7 38. Kf3 Rg4 39. Rd3 Rg8
40. Kg2 Kc6 41. Rd5 Re8 42. f3 Rg8 43. Kh3 Re8 44. g4 hxg4+ 45. fxg4 Rg8 46. h5
Rh8 47. Kh4 Rg8 48. b4 Kc7 49. b5 Rg7 50. Rd3 Rg8 51. Rd2 Rg7 52. Rf2 Rf7 53.
Kh3 Kd6 54. g5 Ke6 55. Rxf6+ Rxf6 56. gxf6 Kxf6 57. Kg4 Kg7 58. Kg5 Kh7 59. Kf5
1-0

[Event "26th Chicago Open"]
[Site "Wheeling, IL"]
[Date "2017.05.27"]
[Round "4.41"]
[White "Lehmann, Spencer"]
[Black "Ghatti, Sanjay"]
[Result "1-0"]
[WhiteElo "2137"]
[BlackElo "2235"]
[PlyCount "71"]
[EventDate "2017.05.??"]
[EventType "swiss"]
[EventRounds "9"]
[EventCountry "USA"]

1. d4 d5 2. c4 e6 3. Nc3 Nf6 4. cxd5 exd5 5. Bg5 c6 6. e3 Nbd7 7. Bd3 Bd6 8.
Nf3 O-O 9. O-O Re8 10. Re1 Nf8 11. e4 Be7 12. e5 Nh5 13. Be3 g6 14. h3 Ng7 15.
Nh2 h5 16. f4 Bh4 17. Rf1 Bg3 18. Nf3 Bf5 19. Ne2 h4 20. Bf2 Bxf2+ 21. Rxf2
Nfe6 22. a4 Bxd3 23. Qxd3 Nf5 24. Nh2 Qb6 25. Ng4 Kg7 26. Rd1 a5 27. Ne3 Nxe3
28. Qxe3 Nf8 29. f5 gxf5 30. Qg5+ Ng6 31. Qf6+ Kg8 32. Rxf5 Qc7 33. Nf4 Qe7 34.
Nxg6 fxg6 35. Qxg6+ Qg7 36. Qh5 1-0

[Event "26th Chicago Open"]
[Site "Wheeling, IL"]
[Date "2017.05.27"]
[Round "4.42"]
[White "Ulrich, Rachel"]
[Black "Zhang, Chao"]
[Result "1-0"]
[WhiteElo "2073"]
[BlackElo "2229"]
[PlyCount "87"]
[EventDate "2017.05.??"]
[EventType "swiss"]
[EventRounds "9"]
[EventCountry "USA"]

1. e4 e5 2. Nf3 Nc6 3. Bb5 Nf6 4. d3 Bc5 5. O-O d6 6. Nbd2 O-O 7. Bxc6 bxc6 8.
h3 h6 9. a4 Be6 10. c3 a6 11. Qc2 Ba7 12. d4 exd4 13. cxd4 Bd7 14. Nc4 Nxe4 15.
Qxe4 d5 16. Qc2 dxc4 17. Qxc4 Qf6 18. Ne5 Be6 19. Qc3 Bd5 20. Be3 Rfe8 21. Nd3
Re4 22. Nb4 Bxd4 23. Bxd4 Rxd4 24. Nxd5 cxd5 25. Qxc7 Re8 26. Qc3 Re2 27. Rae1
Red2 28. Re3 Kh7 29. Rf3 Qe7 30. b3 Qe6 31. Qc7 f5 32. Re3 Re4 33. Rg3 Qf6 34.
Rc1 Qb2 35. Rcc3 Rd1+ 36. Kh2 Rg4 37. hxg4 Qb1 38. Rcf3 fxg4 39. Rf7 Qg6 40.
Re3 Qh5+ 41. Kg3 Qg5 42. Rxg7+ Qxg7 43. Re7 Rd3+ 44. Kh2 1-0

[Event "26th Chicago Open"]
[Site "Wheeling, IL"]
[Date "2017.05.27"]
[Round "4.46"]
[White "Mathur, Rithwik"]
[Black "Korba, Nicky"]
[Result "1/2-1/2"]
[WhiteElo "2073"]
[BlackElo "2171"]
[PlyCount "115"]
[EventDate "2017.05.??"]
[EventType "swiss"]
[EventRounds "9"]
[EventCountry "USA"]

1. d4 Nf6 2. c4 g6 3. f3 d6 4. e4 c5 5. Ne2 Bg7 6. Be3 cxd4 7. Nxd4 O-O 8. Nc3
Nc6 9. Qd2 Nd7 10. Be2 Nc5 11. O-O Bd7 12. Rab1 a5 13. b3 f5 14. exf5 gxf5 15.
Nxc6 Bxc6 16. Bh6 Ne6 17. Bxg7 Kxg7 18. Qe3 Rf6 19. f4 Nc5 20. Bf3 Qf8 21. Rbe1
e6 22. Ne2 Bxf3 23. Rxf3 Ne4 24. Ng3 Nxg3 25. Rxg3+ Kh8 26. Qd4 Qe7 27. Rge3
Kg8 28. Rd1 Ra6 29. Rde1 Ra8 30. Qd3 Re8 31. Rd1 e5 32. Qd5+ Kh8 33. Qxa5 Rg6
34. Qc3 Qg7 35. g3 h5 36. Rf1 h4 37. Rff3 Rg8 38. fxe5 hxg3 39. exd6 gxh2+ 40.
Kxh2 Rg2+ 41. Kh3 Rg6 42. Qxg7+ R8xg7 43. Rg3 Rh6+ 44. Kg2 Rxd6 45. Rxg7 Kxg7
46. Re7+ Kf6 47. Rxb7 Rd2+ 48. Kf3 Rxa2 49. c5 Rc2 50. b4 Rc3+ 51. Ke2 f4 52.
Rb6+ Ke5 53. Rh6 Rc4 54. b5 Rxc5 55. Rh5+ Kd6 56. Rxc5 Kxc5 57. Kf3 Kxb5 58.
Kxf4 1/2-1/2

[Event "26th Chicago Open"]
[Site "Wheeling, IL"]
[Date "2017.05.27"]
[Round "4.48"]
[White "Wongso, Steve"]
[Black "Ishkanov, Tigran"]
[Result "0-1"]
[WhiteElo "1636"]
[BlackElo "2271"]
[PlyCount "62"]
[EventDate "2017.05.??"]
[EventType "swiss"]
[EventRounds "9"]
[EventCountry "USA"]

1. e4 c5 2. Nf3 e6 3. d4 cxd4 4. Nxd4 Nc6 5. Nc3 Qc7 6. g3 a6 7. a4 Nf6 8. Bg2
Nxd4 9. Qxd4 Bc5 10. Bf4 d6 11. Qd2 Ng4 12. O-O O-O 13. h3 Ne5 14. Qe2 Bd7 15.
Rad1 h6 16. Bc1 Rab8 17. Kh2 b5 18. f4 b4 19. Nb1 Nc6 20. Qxa6 Ra8 21. Qc4 Rxa4
22. c3 Na7 23. Qb3 Ra1 24. Qc2 b3 25. Qd3 Bb5 26. c4 Bxc4 27. Qc3 Bxf1 28. Bxf1
Rxb1 29. Qxb3 Rxc1 30. Rxc1 Bg1+ 31. Kxg1 Qxc1 0-1

[Event "26th Chicago Open"]
[Site "Wheeling, IL"]
[Date "2017.05.27"]
[Round "4.49"]
[White "Studen, Damir"]
[Black "Bain, Alex"]
[Result "1/2-1/2"]
[WhiteElo "2212"]
[BlackElo "2266"]
[PlyCount "88"]
[EventDate "2017.05.??"]
[EventType "swiss"]
[EventRounds "9"]
[EventCountry "USA"]

1. d4 Nf6 2. c4 e6 3. Nf3 c5 4. e3 a6 5. Be2 d5 6. dxc5 Bxc5 7. O-O O-O 8. a3
dxc4 9. Bxc4 b5 10. Qxd8 Rxd8 11. Be2 Bb7 12. b4 Be7 13. Nbd2 Nbd7 14. Bb2 Rac8
15. Rac1 Ne8 16. Nb3 Bd5 17. Nfd2 Nb6 18. Rxc8 Rxc8 19. Rc1 Rxc1+ 20. Nxc1 Nd6
21. f3 Nbc4 22. Nxc4 Bxc4 23. Nd3 Bd8 24. Bd4 Nf5 25. Kf2 Be7 26. Nc5 Bxe2 27.
Kxe2 Bxc5 28. Bxc5 f6 29. g4 Nh4 30. f4 Kf7 31. e4 Ng6 32. Kf3 e5 33. f5 Nf4
34. Be3 Nd3 35. Ke2 Nb2 36. Bc1 Nc4 37. Kd3 Nd6 38. h4 g6 39. h5 Kg7 40. hxg6
hxg6 41. Bd2 Nf7 42. Ke2 Nd8 43. Be3 Nc6 44. Kd3 Kf7 1/2-1/2

[Event "26th Chicago Open"]
[Site "Wheeling, IL"]
[Date "2017.05.27"]
[Round "4.51"]
[White "Huang, Andy"]
[Black "Virkud, Apurva"]
[Result "1-0"]
[WhiteElo "2165"]
[BlackElo "2252"]
[PlyCount "120"]
[EventDate "2017.05.??"]
[EventType "swiss"]
[EventRounds "9"]
[EventCountry "USA"]

1. e4 c5 2. Nf3 d6 3. d4 cxd4 4. Nxd4 Nf6 5. Nc3 a6 6. Bg5 e6 7. f4 Be7 8. Qf3
Nbd7 9. Bc4 O-O 10. O-O-O Qc7 11. Bd3 b5 12. Bxf6 Nxf6 13. Rhe1 Bb7 14. Qh3 g6
15. a3 Rac8 16. Kb1 d5 17. e5 Nh5 18. g4 Nxf4 19. Qh6 Bxa3 20. bxa3 Qxc3 21.
Qxf4 Qxa3 22. Re3 Qb4+ 23. Kc1 Rc3 24. Rf1 Ra3 25. Kd1 Ra4 26. Rh3 f5 27. exf6
Qxd4 28. Qc7 Qxg4+ 29. Rhf3 Rf7 30. Qb8+ Rf8 31. f7+ Kg7 32. Qxb7 Ra1+ 33. Kd2
Qg5+ 34. Ke2 Qe5+ 35. Kd2 Qg5+ 36. Kc3 Qe5+ 37. Kb3 Ra4 38. Qe7 a5 39. c3 d4
40. Qf6+ Qxf6 41. Rxf6 dxc3 42. Kxc3 b4+ 43. Kb2 Ra3 44. Bb5 a4 45. Be8 Rb3+
46. Kc2 Rc3+ 47. Kd2 Ra3 48. h4 Ra2+ 49. Kd3 b3 50. Rxe6 a3 51. Kc3 Rb2 52. Re4
Kh6 53. Rd1 Kh5 54. Rd5+ Kh6 55. Ra5 Rf2 56. Kxb3 Rf3+ 57. Kb4 Rg3 58. Rxa3
Rxa3 59. Kxa3 Kh5 60. Kb4 g5 1-0

[Event "26th Chicago Open"]
[Site "Wheeling, IL"]
[Date "2017.05.27"]
[Round "4.52"]
[White "Balleisen, Aaron"]
[Black "Mattson, Dane"]
[Result "1/2-1/2"]
[WhiteElo "2217"]
[BlackElo "2052"]
[PlyCount "111"]
[EventDate "2017.05.??"]
[EventType "swiss"]
[EventRounds "9"]
[EventCountry "USA"]

1. d4 e6 2. c4 f5 3. g3 Nf6 4. Bg2 c6 5. Nf3 d5 6. O-O Bd6 7. b3 Qe7 8. a4 a5
9. Ba3 Bxa3 10. Nxa3 Nbd7 11. Nc2 O-O 12. Nce1 dxc4 13. bxc4 e5 14. dxe5 Nxe5
15. Nxe5 Qxe5 16. Nd3 Qe7 17. Rb1 Ne4 18. Qc1 Qf6 19. Qc2 Re8 20. e3 Qf7 21. c5
Re7 22. f4 Qe8 23. Ne5 Nf6 24. Rfd1 Nd7 25. Nxd7 Rxd7 26. e4 Rxd1+ 27. Rxd1
fxe4 28. Bxe4 Bg4 29. Rd6 Qh5 30. Qc4+ Kh8 31. Qd4 Re8 32. Rd8 Qf7 33. f5 Qf8
34. f6 Rxd8 35. fxg7+ Qxg7 36. Qxd8+ Qg8 37. Qxa5 Qe8 38. Qc3+ Kg8 39. Qe3 Qe6
40. Qg5+ Kf7 41. Qf4+ Kg7 42. Qc7+ Kf6 43. Qxh7 Ke5 44. Qg6 Qd7 45. Bd3 Qd4+
46. Kf1 Bh3+ 47. Ke2 Bg4+ 48. Kf1 Bh3+ 49. Ke1 Qb4+ 50. Ke2 Bg4+ 51. Kf1 Bh3+
52. Kf2 Qd4+ 53. Ke1 Qb4+ 54. Kf2 Qd4+ 55. Ke2 Bg4+ 56. Kf1 1/2-1/2

[Event "26th Chicago Open"]
[Site "Wheeling, IL"]
[Date "2017.05.27"]
[Round "4.53"]
[White "Saleem, Arshaq"]
[Black "Eckert, Doug"]
[Result "1/2-1/2"]
[WhiteElo "2042"]
[BlackElo "2152"]
[PlyCount "67"]
[EventDate "2017.05.??"]
[EventType "swiss"]
[EventRounds "9"]
[EventCountry "USA"]

1. d4 Nf6 2. c4 e6 3. Nc3 Bb4 4. Qc2 c5 5. dxc5 Bxc5 6. Nf3 Qb6 7. e3 Qc7 8. b3
b6 9. Bb2 a6 10. Bd3 Bb7 11. a3 Be7 12. Rd1 d6 13. O-O Nbd7 14. Nd4 Rc8 15. Qb1
O-O 16. f3 Qb8 17. Kh1 Rfe8 18. Rfe1 Ne5 19. Be2 Qa8 20. Na4 Qa7 21. e4 Ned7
22. Bf1 Qa8 23. b4 Kh8 24. Nb3 Qb8 25. Bd4 Qc7 26. Rc1 Bc6 27. Nb2 Qb8 28. Nd3
b5 29. e5 dxe5 30. Nxe5 bxc4 31. Bxc4 Nxe5 32. Bxe5 Qa8 33. Qd3 Rcd8 34. Qe2
1/2-1/2

[Event "26th Chicago Open"]
[Site "Wheeling, IL"]
[Date "2017.05.27"]
[Round "4.54"]
[White "Matus, Nastassja"]
[Black "Neal, James"]
[Result "1/2-1/2"]
[WhiteElo "1974"]
[BlackElo "2139"]
[PlyCount "99"]
[EventDate "2017.05.??"]
[EventType "swiss"]
[EventRounds "9"]
[EventCountry "USA"]

1. d4 Nf6 2. c4 c5 3. d5 e6 4. Nf3 exd5 5. cxd5 d6 6. Nc3 g6 7. g3 Bg7 8. Bg2
O-O 9. O-O Na6 10. Nd2 Nc7 11. a4 b6 12. Nc4 Ba6 13. Na3 Qd7 14. Re1 Nfe8 15.
e4 f5 16. Bh3 Qf7 17. exf5 gxf5 18. Bg5 Qg6 19. Bf4 Bb7 20. Bg2 Qf7 21. Nc4 Qd7
22. Qd2 Ba6 23. b3 Bxc4 24. bxc4 Nf6 25. Rab1 Rfe8 26. Bh6 Ng4 27. Bxg7 Qxg7
28. Ne2 Ne5 29. Qc2 Qf7 30. Nf4 Re7 31. Kh1 Rae8 32. Bh3 Rf8 33. Re2 Nf3 34.
Qc3 Nd4 35. Rxe7 Qxe7 36. Re1 Qd7 37. Ne2 Nxe2 38. Rxe2 Re8 39. Rxe8+ Nxe8 40.
Qe3 Ng7 41. Qd3 Qf7 42. Qe3 Qf6 43. Kg2 Kf7 44. Qb3 Qe7 45. Kf1 Kg6 46. Qd3 Qe5
47. Qc2 Kf6 48. Qc1 h5 49. Bg2 Kg6 50. Bf3 1/2-1/2

[Event "26th Chicago Open"]
[Site "Wheeling, IL"]
[Date "2017.05.27"]
[Round "5.1"]
[White "Avrukh, Boris"]
[Black "Sevian, Samuel"]
[Result "1/2-1/2"]
[WhiteElo "2592"]
[BlackElo "2585"]
[PlyCount "55"]
[EventDate "2017.05.??"]
[EventType "swiss"]
[EventRounds "9"]
[EventCountry "USA"]
[WhiteClock "1:07:18"]
[BlackClock "0:56:09"]

1. d4 Nf6 2. c4 e6 3. g3 d5 4. Bg2 Bb4+ 5. Bd2 Be7 6. Nf3 O-O 7. O-O c6 8. Qc2
Nbd7 9. Rd1 b6 10. Bf4 Bb7 11. Ne5 Nh5 12. Bd2 Nhf6 13. cxd5 cxd5 14. Nc6 Bxc6
15. Qxc6 Rc8 16. Qb5 Rc4 17. e3 Qc8 18. Qb3 a6 19. a4 Ne8 20. Na3 Rc7 21. Rac1
Nd6 22. Bf1 Rxc1 23. Rxc1 Qb7 24. Nc2 Rc8 25. Nb4 Rxc1 26. Bxc1 Nb8 27. Bd3 g6
28. Bd2 1/2-1/2

[Event "26th Chicago Open"]
[Site "Wheeling, IL"]
[Date "2017.05.27"]
[Round "5.2"]
[White "Gurevich, Daniel"]
[Black "Nyzhnyk, Illia"]
[Result "1/2-1/2"]
[WhiteElo "2460"]
[BlackElo "2610"]
[PlyCount "31"]
[EventDate "2017.05.??"]
[EventType "swiss"]
[EventRounds "9"]
[EventCountry "USA"]
[WhiteClock "1:46:05"]
[BlackClock "1:35:15"]

1. e4 e6 2. d4 d5 3. Nc3 Nf6 4. e5 Nfd7 5. f4 c5 6. Nf3 Nc6 7. Be3 Be7 8. Qd2
O-O 9. Be2 a6 10. O-O b5 11. a3 Bb7 12. Nd1 Qb6 13. Nf2 cxd4 14. Nxd4 Nxd4 15.
Bxd4 Bc5 16. c3 1/2-1/2

[Event "26th Chicago Open"]
[Site "Wheeling, IL"]
[Date "2017.05.27"]
[Round "5.3"]
[White "Vazquez, Guillermo"]
[Black "Belous, Vladimir"]
[Result "1/2-1/2"]
[WhiteElo "2443"]
[BlackElo "2587"]
[PlyCount "139"]
[EventDate "2017.05.??"]
[EventType "swiss"]
[EventRounds "9"]
[EventCountry "USA"]
[WhiteClock "0:04:06"]
[BlackClock "0:11:24"]

1. Nf3 Nf6 2. g3 g6 3. Bg2 Bg7 4. O-O O-O 5. c4 d5 6. cxd5 Nxd5 7. d4 Nb6 8.
Nc3 Nc6 9. e3 Re8 10. Nh4 e5 11. d5 Na5 12. Rb1 h6 13. Qc2 Nac4 14. b3 Nd6 15.
e4 Bd7 16. Rd1 Bf8 17. a4 a5 18. Nf3 Kh7 19. Be3 Bg7 20. Ne1 f5 21. Rbc1 Qf6
22. Nd3 Rac8 23. Qd2 Ra8 24. f3 Rad8 25. Nb1 f4 26. gxf4 exf4 27. Bxf4 Nf5 28.
Bxc7 Nxd5 29. exf5 Nxc7 30. fxg6+ Qxg6 31. Nf4 Qb6+ 32. Qf2 Qxf2+ 33. Kxf2 Bc6
34. Ne2 Nd5 35. Nbc3 Nxc3 36. Nxc3 Bd4+ 37. Kf1 Rg8 38. Rd3 Be5 39. Rxd8 Rxd8
40. Ne2 Rf8 41. h3 Bxf3 42. Bxf3 Rxf3+ 43. Kg2 Re3 44. Kf2 Rxh3 45. Rc5 Bd6 46.
Rxa5 Rxb3 47. Rd5 Bb8 48. Kg2 Kg6 49. Nd4 Rd3 50. Rd8 Be5 51. Ne6 Rg3+ 52. Kf1
Rc3 53. Rd5 Rc1+ 54. Ke2 Bg3 55. Rb5 Rc2+ 56. Kf3 Rc3+ 57. Kg2 h5 58. Rxb7 h4
59. Rb5 Bd6 60. Ng5 Bc7 61. a5 Ra3 62. a6 Rxa6 63. Nf3 Ra2+ 64. Kh3 Ra3 65. Kg4
h3 66. Rg5+ Kh6 67. Rh5+ Kg6 68. Rg5+ Kf6 69. Rf5+ Ke7 70. Rh5 1/2-1/2

[Event "26th Chicago Open"]
[Site "Wheeling, IL"]
[Date "2017.05.27"]
[Round "5.4"]
[White "Stukopin, Andrey"]
[Black "Harmon-Vellotti, Luke"]
[Result "1/2-1/2"]
[WhiteElo "2586"]
[BlackElo "2449"]
[PlyCount "116"]
[EventDate "2017.05.??"]
[EventType "swiss"]
[EventRounds "9"]
[EventCountry "USA"]
[WhiteClock "0:20:37"]
[BlackClock "0:07:43"]

1. e4 e6 2. d4 d5 3. Nc3 Bb4 4. e5 c5 5. a3 Bxc3+ 6. bxc3 Ne7 7. h4 Nbc6 8. Nf3
Bd7 9. h5 Qa5 10. Bd2 O-O-O 11. Ng5 Rdf8 12. h6 gxh6 13. Rxh6 Qa4 14. Nxh7 Rfg8
15. Nf6 Rxh6 16. Bxh6 Rh8 17. Be3 Nf5 18. Nxd7 Kxd7 19. Qb1 Kc7 20. Qb2 cxd4
21. cxd4 Ncxd4 22. O-O-O Rh1 23. Bd2 Nc6 24. f4 Ng3 25. Bd3 Rh2 26. Rg1 b6 27.
Kd1 Ne4 28. Be3 Nc5 29. Ke2 Nxd3 30. cxd3 Ne7 31. Qb4 Qxb4 32. axb4 a6 33. Kf3
Nc6 34. Rb1 Kb7 35. b5 axb5 36. Rxb5 d4 37. Bg1 Rh1 38. Rb1 Ka6 39. Ke4 Kb7 40.
Ra1 b5 41. Bxd4 Rxa1 42. Bxa1 Ne7 43. g4 Kc6 44. f5 Nd5 45. f6 b4 46. g5 Kd7
47. Kd4 Ke8 48. Kc4 Kf8 49. Bd4 Kg8 50. Bc5 Kh7 51. Bxb4 Kg6 52. Bd2 Kf5 53. d4
Kg6 54. Kc5 Kf5 55. Kd6 Kg6 56. Kd7 Nb6+ 57. Ke8 Nd5 58. Ba5 Ne3 1/2-1/2

[Event "26th Chicago Open"]
[Site "Wheeling, IL"]
[Date "2017.05.27"]
[Round "5.7"]
[White "Perelshteyn, Eugene"]
[Black "Abdumalik, Zhansaya"]
[Result "1-0"]
[WhiteElo "2511"]
[BlackElo "2420"]
[PlyCount "165"]
[EventDate "2017.05.??"]
[EventType "swiss"]
[EventRounds "9"]
[EventCountry "USA"]

1. d4 Nf6 2. c4 d6 3. Nf3 g6 4. Nc3 Bf5 5. Bg5 Bg7 6. e3 Ne4 7. Nxe4 Bxe4 8.
Bd3 Bxd3 9. Qxd3 c5 10. O-O Nc6 11. d5 Nb8 12. e4 Nd7 13. Qd2 Qb6 14. Rab1 Qb4
15. Qc2 b5 16. b3 a6 17. Rfe1 Rb8 18. h3 Qc3 19. Qe2 Qa5 20. Kh1 h6 21. Bh4 Bc3
22. Rec1 g5 23. Bg3 f6 24. a3 b4 25. axb4 Qxb4 26. Qc2 Be5 27. Ne1 Bxg3 28. Nd3
Qb6 29. fxg3 Kf7 30. b4 cxb4 31. Nxb4 Qxb4 32. Rxb4 Rxb4 33. Qf2 Ne5 34. Qf5
Rb7 35. Qe6+ Kg7 36. c5 dxc5 37. Rxc5 Rhb8 38. Rc1 a5 39. Rf1 Rd8 40. Qa6 Rdb8
41. Qxa5 Rb1 42. Rxb1 Rxb1+ 43. Kh2 Rb7 44. Qa8 Rd7 45. Qb8 Nf7 46. Kg1 Ne5 47.
Kf2 Nd3+ 48. Ke2 Ne5 49. Ke3 Rd6 50. Qe8 Rd7 51. Qb8 Rd6 52. Kd2 Nc4+ 53. Kc3
Ne5 54. Qe8 Rd7 55. Kb4 Nd3+ 56. Kb5 Ne5 57. Ka6 Rc7 58. Qd8 Rd7 59. Qc8 Nd3
60. Kb5 Ne5 61. Kb6 g4 62. h4 h5 63. Qe8 Kh6 64. Qh8+ Kg6 65. Qg8+ Kh6 66. Kc5
Ng6 67. Kd4 Rd6 68. Qe8 Ra6 69. Kc5 Ra5+ 70. Kb4 Ra6 71. Kb5 Rd6 72. Qc8 Kg7
73. Kc5 Kh6 74. e5 fxe5 75. Qf5 Kg7 76. Qxh5 Nf8 77. Qxg4+ Kf7 78. Qh5+ Rg6 79.
Qf5+ Rf6 80. Qh5+ Rg6 81. Kc4 Nd7 82. Qf5+ Nf6 83. Qe6+ 1-0

[Event "26th Chicago Open"]
[Site "Wheeling, IL"]
[Date "2017.05.27"]
[Round "5.9"]
[White "Gurevich, Dmitry"]
[Black "Liang, Awonder"]
[Result "0-1"]
[WhiteElo "2454"]
[BlackElo "2488"]
[PlyCount "56"]
[EventDate "2017.05.??"]
[EventType "swiss"]
[EventRounds "9"]
[EventCountry "USA"]

1. c4 e5 2. g3 Nf6 3. Bg2 c6 4. d4 e4 5. Nc3 d5 6. cxd5 cxd5 7. Bg5 Nbd7 8. Qa4
Qb6 9. O-O-O Bb4 10. Qb3 Bxc3 11. Qxc3 O-O 12. Kb1 h6 13. Bf4 Qa6 14. Rc1 Nb6
15. Bd6 Re8 16. Qa3 Qxa3 17. Bxa3 Ng4 18. Nh3 e3 19. f3 Bf5+ 20. Ka1 Nf2 21.
Nxf2 exf2 22. g4 Bg6 23. Bf1 Nc4 24. Bb4 a5 25. Bc3 b5 26. e4 dxe4 27. Bxc4
bxc4 28. fxe4 Rxe4 0-1

[Event "26th Chicago Open"]
[Site "Wheeling, IL"]
[Date "2017.05.27"]
[Round "5.10"]
[White "Grabinsky, Aaron"]
[Black "Nakar, Eylon"]
[Result "1/2-1/2"]
[WhiteElo "2351"]
[BlackElo "2476"]
[PlyCount "106"]
[EventDate "2017.05.??"]
[EventType "swiss"]
[EventRounds "9"]
[EventCountry "USA"]

1. d4 Nf6 2. Bf4 d5 3. e3 c5 4. c3 Nc6 5. Nd2 e6 6. Ngf3 Bd6 7. Bg3 O-O 8. Bd3
b6 9. Qe2 Bb7 10. Rd1 h6 11. Bxd6 Qxd6 12. e4 dxe4 13. Nxe4 Nxe4 14. Bxe4 Rfd8
15. O-O Qe7 16. dxc5 Qxc5 17. Rfe1 Qe7 18. h3 Rac8 19. Rxd8+ Rxd8 20. Rd1 Kf8
21. Rxd8+ Qxd8 22. Qd2 Qxd2 23. Nxd2 Ke7 24. f4 g5 25. g3 f5 26. Bxc6 Bxc6 27.
Kf2 e5 28. Ke3 exf4+ 29. gxf4 Bg2 30. h4 gxh4 31. Kf2 Bd5 32. a3 Kd6 33. Kg1 h3
34. Kh2 Bg2 35. Kg3 Kc5 36. Kh2 Kb5 37. Kg3 Ka4 38. Kh2 Kb5 39. Kg3 Ka5 40. Kh2
Ka4 41. Kg3 b5 42. Kh2 a6 43. Kg3 a5 44. Kh2 b4 45. axb4 axb4 46. Kg3 bxc3 47.
bxc3 Kb5 48. Kh2 Kc5 49. Kg3 Kd5 50. Kh2 Kc5 51. Kg3 Kd5 52. Kh2 Ke6 53. Kg3
Kd5 1/2-1/2

[Event "26th Chicago Open"]
[Site "Wheeling, IL"]
[Date "2017.05.27"]
[Round "5.11"]
[White "Schmakel, Sam"]
[Black "Mitkov, Nikola"]
[Result "1/2-1/2"]
[WhiteElo "2344"]
[BlackElo "2454"]
[PlyCount "98"]
[EventDate "2017.05.??"]
[EventType "swiss"]
[EventRounds "9"]
[EventCountry "USA"]

1. e4 e5 2. Nf3 Nc6 3. Bb5 a6 4. Ba4 d6 5. c3 Bd7 6. O-O Nf6 7. d4 g6 8. Re1 b5
9. Bb3 Bg7 10. a4 O-O 11. h3 Re8 12. Ng5 Re7 13. dxe5 dxe5 14. axb5 axb5 15.
Rxa8 Qxa8 16. Na3 Na5 17. Bc2 Bc6 18. Qe2 h6 19. Nf3 b4 20. cxb4 Nb7 21. b5 Bd7
22. Bd2 Nh5 23. Qc4 Qc8 24. Qb4 Re8 25. Nc4 Nf4 26. Qb3 g5 27. Ne3 Nd6 28. Nf5
Nxf5 29. exf5 Bxf5 30. Bxf4 Bxc2 31. Qxc2 exf4 32. Rxe8+ Qxe8 33. Qxc7 Qxb5 34.
Qc8+ Kh7 35. Qc2+ Kg8 36. Qc8+ Kh7 37. Qc2+ Kg8 38. b3 h5 39. Qc8+ Bf8 40. Qc2
g4 41. hxg4 hxg4 42. Nd4 Qe5 43. Ne2 g3 44. Qc4 Bc5 45. Qxf4 gxf2+ 46. Kf1 Qa1+
47. Qc1 Qe5 48. Qf4 Qa1+ 49. Qc1 Qe5 1/2-1/2

[Event "26th Chicago Open"]
[Site "Wheeling, IL"]
[Date "2017.05.27"]
[Round "5.12"]
[White "Popilski, Gil"]
[Black "Peng, David"]
[Result "1-0"]
[WhiteElo "2544"]
[BlackElo "2254"]
[PlyCount "99"]
[EventDate "2017.05.??"]
[EventType "swiss"]
[EventRounds "9"]
[EventCountry "USA"]

1. e4 c5 2. Nf3 d6 3. d4 cxd4 4. Nxd4 Nf6 5. Nc3 Nc6 6. Be2 g6 7. O-O Bg7 8.
Nb3 O-O 9. Re1 a6 10. Bg5 b5 11. Bf1 Bb7 12. a4 b4 13. Nd5 Nd7 14. Qc1 Re8 15.
a5 Rb8 16. Ra4 Nc5 17. Nxc5 dxc5 18. Rd1 Nd4 19. c3 Bc6 20. Ra2 Bxd5 21. exd5
bxc3 22. bxc3 Nb3 23. Qe3 Bf6 24. Bh6 Nxa5 25. Qxc5 Nb7 26. Qa3 Qc7 27. c4 Ra8
28. g3 Be5 29. Re2 Bf6 30. Rc2 Qc5 31. Qf3 Qb4 32. Be3 Rac8 33. Rcc1 Qd6 34.
Bh3 Rc7 35. Re1 Qa3 36. Qf4 Qd6 37. c5 Nxc5 38. Qc4 Ne6 39. Qa4 Ng7 40. Rc6
Rxc6 41. dxc6 e6 42. Rd1 Qb8 43. Qxa6 Nf5 44. Bxf5 gxf5 45. Qb7 Be5 46. f4 Qxb7
47. cxb7 Bb8 48. Rc1 f6 49. Rc8 Kf7 50. Bb6 1-0

[Event "26th Chicago Open"]
[Site "Wheeling, IL"]
[Date "2017.05.27"]
[Round "5.13"]
[White "Shankar, Gauri"]
[Black "Shabalov, Alexander"]
[Result "1/2-1/2"]
[WhiteElo "2354"]
[BlackElo "2556"]
[PlyCount "94"]
[EventDate "2017.05.??"]
[EventType "swiss"]
[EventRounds "9"]
[EventCountry "USA"]

1. Nf3 f5 2. g3 Nf6 3. Bg2 g6 4. b3 Bg7 5. Bb2 O-O 6. O-O c6 7. d4 d5 8. Nbd2
Kh8 9. c4 Be6 10. Ne5 a5 11. Nd3 Na6 12. Rc1 Bg8 13. Nf3 a4 14. Nfe5 axb3 15.
axb3 Nc7 16. Nc5 Qc8 17. Qc2 Ne6 18. Na4 Qd8 19. e3 Ne4 20. cxd5 cxd5 21. f3
Nd6 22. Qd3 g5 23. Kh1 f4 24. exf4 gxf4 25. g4 Nf7 26. Rfe1 Nxe5 27. dxe5 h5
28. gxh5 Bh7 29. Qb5 d4 30. Rcd1 Bc2 31. Rd2 d3 32. h6 Bxh6 33. Bh3 Ra5 34. Qc4
Ng7 35. e6 Qd5 36. Qxd5 Rxd5 37. Nb6 Rb5 38. Nd7 Rd8 39. Ne5 Kh7 40. Nf7 Rdd5
41. Rg1 Rxb3 42. Bxg7 Bxg7 43. Rdg2 Bd4 44. Ne5 Rxe5 45. Rg7+ Kh8 46. Rg8+ Kh7
47. R8g7+ Kh8 1/2-1/2

[Event "26th Chicago Open"]
[Site "Wheeling, IL"]
[Date "2017.05.27"]
[Round "5.15"]
[White "He, Anthony"]
[Black "Corrales, Fidel"]
[Result "1-0"]
[WhiteElo "2307"]
[BlackElo "2521"]
[PlyCount "81"]
[EventDate "2017.05.??"]
[EventType "swiss"]
[EventRounds "9"]
[EventCountry "USA"]

1. e4 c5 2. Nf3 d6 3. d4 cxd4 4. Nxd4 Nf6 5. Nc3 a6 6. Be3 e6 7. Qd2 b5 8. f3
Nbd7 9. Be2 Nb6 10. a4 Nc4 11. Bxc4 bxc4 12. O-O Qc7 13. a5 Be7 14. Na4 O-O 15.
Nb6 Rb8 16. Ne2 Bd7 17. Rfd1 Rfd8 18. Qc3 Bb5 19. Nd4 d5 20. Nxb5 axb5 21. exd5
exd5 22. Bd4 Bc5 23. b4 Bxb6 24. Bxb6 Rxb6 25. axb6 Qxb6+ 26. Qd4 Qd6 27. c3 h5
28. Re1 Qc6 29. Ra5 Nd7 30. Kf2 Nf8 31. Re7 Qg6 32. Re5 Ne6 33. Qd2 d4 34.
Raxb5 dxc3 35. Qxc3 Rd3 36. Qxc4 Rd4 37. Qc3 Rd3 38. Rb8+ Nd8 39. Qe1 Qf6 40.
Re8+ Kh7 41. Qe4+ 1-0

[Event "26th Chicago Open"]
[Site "Wheeling, IL"]
[Date "2017.05.27"]
[Round "5.17"]
[White "Posthuma, Joshua"]
[Black "Chandra, Akshat"]
[Result "0-1"]
[WhiteElo "2268"]
[BlackElo "2495"]
[PlyCount "38"]
[EventDate "2017.05.??"]
[EventType "swiss"]
[EventRounds "9"]
[EventCountry "USA"]

1. b3 e5 2. Bb2 Nc6 3. e3 g6 4. Bb5 Nge7 5. f4 Bg7 6. Nf3 d6 7. fxe5 O-O 8. d4
dxe5 9. Bxc6 Nxc6 10. d5 Nb4 11. e4 f5 12. Ba3 fxe4 13. Bxb4 exf3 14. Bxf8 fxg2
15. Rg1 Qh4+ 16. Kd2 Qf4+ 17. Kc3 Bg4 18. Qd2 Rxf8 19. Kb2 e4+ 0-1

[Event "26th Chicago Open"]
[Site "Wheeling, IL"]
[Date "2017.05.27"]
[Round "5.18"]
[White "Troff, Kayden"]
[Black "Ampie, Mauro"]
[Result "1/2-1/2"]
[WhiteElo "2482"]
[BlackElo "2327"]
[PlyCount "58"]
[EventDate "2017.05.??"]
[EventType "swiss"]
[EventRounds "9"]
[EventCountry "USA"]

1. d4 Nf6 2. c4 e6 3. Nf3 b6 4. g3 Bb7 5. Bg2 Be7 6. O-O O-O 7. Nc3 Ne4 8. Bd2
Bf6 9. Rc1 Nxd2 10. Qxd2 d6 11. Rfd1 g6 12. e4 Bg7 13. Qf4 Qe7 14. e5 Rd8 15.
Ne4 dxe5 16. Nxe5 Nd7 17. Ng5 Bxg2 18. Kxg2 Nxe5 19. dxe5 f6 20. Nf3 fxe5 21.
Nxe5 Qc5 22. Nd3 Qc6+ 23. Qf3 Qxf3+ 24. Kxf3 Rd4 25. Ke2 Rad8 26. f3 Bh6 27.
Rc2 Bg7 28. Rcc1 Bh6 29. Rc2 Bg7 1/2-1/2